000 00810cad a22002175a 4500
001 E153023
008 110524e20110518xxka f s000 0 eng d
035 _a(Sirsi) u153023
041 0 _aeng
100 1 _aBerry, Kate
245 0 4 _aHousing
_bsubject profile
_h[electronic resource]
260 _aEdinburgh
_bScottish Parliament
_c2011
490 0 _aSPICe Briefing
_v(11/31) 18 May 2011
520 _aLooks at housing in Scotland, including legislation and recent policy changes.
521 _aAdvanced
590 _aKA
651 4 _aScotland
_y1999-
690 _aPROPERTY-RESIDENTIAL PROPERTY-DOMESTIC RESIDENTIAL PROPERTY-HOUSING
856 4 0 _uhttps://www.scottish.parliament.uk/business/research/briefings-11/SB11-31.pdf
_zView the briefing free of charge at www.scottish.parliament.uk
942 _n0
999 _c112334
_d112334